Romanian map quiz - Statistics

General Stats
  • This quiz has been taken 264 times
  • The average score is 32 of 42
Answer Stats
ISO Code Answer % Correct
CJ Cluj
93%
TM Timis
87%
BV Brasov
86%
CT Constanta
86%
AB Alba
85%
AG Arges
85%
AR Arad
84%
BC Bacau
84%
BZ Buzau
84%
IF Ilfov
84%
MM Maramures
84%
BH Bihor
82%
B Bucharest
82%
HD Hunedoara
81%
PH Prahova
81%
GL Galati
80%
GJ Gorj
80%
DJ Dolj
79%
VS Vaslui
79%
OT Olt
78%
CL Calarasi
76%
IS Iasi
76%
TL Tulcea
76%
BR Braila
75%
MH Mehedinti
75%
NT Neamt
74%
BT Botosani
73%
SM Satu Mare
73%
SV Suceava
73%
SJ Salaj
72%
CV Covasna
71%
DB Dambovita
68%
VN Vrancea
68%
MS Mures
66%
VL Valcea
66%
CS Caras-Severin
65%
HR Harghita
65%
IL Ialomita
65%
BN Bistrita-Nasaud
62%
TR Teleorman
61%
SI Sibiu
59%
GR Giurgiu
55%
No matching quizzes found
Score Distribution
Percent of People with Each Score
Percentile by Number Answered
Your Score History
You have not taken this quiz